| 000 | 03811cam a22003738i 4500 | ||
|---|---|---|---|
| 001 | 19685918 | ||
| 003 | OSt | ||
| 005 | 20231206144751.0 | ||
| 008 | 170602s2017 nyu 000 0 eng | ||
| 010 | _a 2017020505 | ||
| 020 | _a9781107175334 (hardback) | ||
| 020 | _a9781316627365 (paperback) | ||
| 040 |
_aDLC _beng _erda _cDLC |
||
| 042 | _apcc | ||
| 050 | 0 | 0 |
_aHB75 _b.R646 2017 |
| 082 | 0 | 0 |
_a330.1509 _bRON/B |
| 084 |
_aBUS023000 _2bisacsh |
||
| 100 | 1 |
_aRoncaglia, Alessandro, _d1947- _eauthor. _910071 |
|
| 245 | 1 | 2 |
_aA brief history of economic thought / _cAlessandro Roncaglia. |
| 263 | _a1709 | ||
| 264 | 1 |
_aNew York : _bCambridge University Press, _c2017. |
|
| 300 | _a310pages | ||
| 336 |
_atext _btxt _2rdacontent |
||
| 337 |
_aunmediated _bn _2rdamedia |
||
| 338 |
_avolume _bnc _2rdacarrier |
||
| 505 | 8 | _aMachine generated contents note: 1. Introduction: the history of economic thought and its role; 2. The prehistory of political economy; 3. William Petty and the origins of political economy; 4. From body politic to economic tables; 5. Adam Smith; 6. Economic science at the time of the French Revolution; 7. David Ricardo; 8. The Ricardians and the decline of Ricardianism; 9. Karl Marx; 10. The Marginalist Revolution: the subjective theory of value; 11. The Austrian school and its neighbourhood; 12. General economic equilibrium; 13. Alfred Marshall; 14. John Maynard Keynes; 15. Joseph Schumpeter; 16. Piero Sraffa; 17. The age of disgregation. | |
| 520 |
_a"The evolution of economic thought can be traced back from its beginnings in classical antiquity up to the present day. In this book, Professor Alessandro Roncaglia offers a clear, concise and updated version of his award-winning The Wealth of Ideas, studying the development of economic thought through perspectives and debates on the economy and society over time. With chapters on prominent economic theorists, including William Petty, Karl Marx, and John Maynard Keynes, as well as on other important figures and key debates of each period, Roncaglia critically evaluates the foundations of the marginalist-neoclassical (scarcity-utility) approach in comparison to the Classical-Keynes approach. A comprehensive guide to the history of economic thought, this book will be of value not only to undergraduate and postgraduate students studying economic thought, but also to any readers desiring to study how economics has evolved up to the present day"-- _cProvided by publisher. |
||
| 520 |
_a"A Brief History of Economic Thought The evolution of economic thought can be traced back from its beginnings in classical antiquity up to the present day. In this book, Professor Alessandro Roncaglia offers a clear, concise and updated version of his award- winning The Wealth of Ideas, studying the development of economic thought through perspectives and debates on the economy and society over time. With chapters on prominent economic theorists, including William Petty, Karl Marx, and John Maynard Keynes, as well as on other important figures and key debates of each period, Roncaglia critically evaluates the foundations of the marginalist-neoclassical (scarcity-utility) approach in comparison to the Classical-Keynes approach. A comprehensive guide to the history of economic thought, this book will be of value not only to undergraduate and postgraduate students studying economic thought, but also to any readers desiring to study how economics has evolved up to the present day"-- _cProvided by publisher. |
||
| 650 | 0 |
_aEconomics _xHistory. |
|
| 650 | 7 |
_aBUSINESS & ECONOMICS / Economic History. _2bisacsh |
|
| 906 |
_a7 _bcbc _corignew _d1 _eecip _f20 _gy-gencatlg |
||
| 942 |
_2ddc _cBK _h330.1509 _iRON/B _k330.1509 _mRON/B |
||
| 999 |
_c43766 _d43766 |
||